'A' Baby Names (2009) Quiz Stats

Quiz Updated May 29, 2014

Challenge
Share
Tweet
Embed
Score 0/252 Timer 15:00
17 Plays Today
Rank Name % Correct
371Ali
82.7%
83Alex
81%
220Andre
79.4%
16Andrew
78%
28Anna
77.3%
928Ann
76.1%
43Alexa
75%
539Anne
74.9%
940Ali
74.2%
130Amy
71.7%
4Alexander
71.6%
572Ada
71.5%
54Aaron
66.5%
74Adam
66.2%
219Andy
66.2%
142Alan
63.9%
20Ashley
63.5%
8Abigail
63.3%
523Ari
62.8%
30Allison
62.3%
381Annie
61.1%
5Ava
60.9%
255Abby
60.6%
10Anthony
60.3%
69Alexandra
59.4%
377Arthur
58.9%
258Alice
58.3%
181Ana
57.6%
165Amanda
57.3%
73Andrea
57.1%
311Allen
55.7%
186Alexis
55.2%
13Alexis
55.2%
37Angel
53.3%
177Angel
53.3%
809Ally
53.3%
234Allie
50.5%
972Anton
50.3%
225Alison
49.3%
12Aiden
49.1%
55Amelia
47.7%
208Alicia
47.3%
511Aria
47.3%
405Albert
47.3%
58Adrian
46.8%
185Amber
46.6%
142Angela
46.2%
12Addison
42.4%
116Ashton
42.3%
183Abraham
41.9%
19Alyssa
41.7%
558Allan
41.4%
49Audrey
40.4%
223Avery
39.4%
32Avery
39.4%
827Alfred
38.9%
200Alexandria
38.7%
870Addison
38.1%
64Austin
37.7%
72Aidan
37.1%
714Annabel
36.2%
766Abbie
35.7%
354April
35.7%
205Ariel
34.7%
105Antonio
34.3%
41Aubrey
33.7%
156Annabelle
33.5%
694Adrien
32.6%
86Angelina
32.1%
82Ariana
32.1%
52Arianna
31.7%
551Ariel
31.4%
649Aron
30.8%
264Axel
30.6%
433August
30%
173Alana
29.5%
406Alec
28.9%
165Asher
28.7%
624Ashlee
28.1%
171Adrianna
27.8%
292Angelica
27.6%
637 Adrienne
27.3%
125Adriana
27.1%
953Ashleigh
26.8%
Rank Name % Correct
329Abel
26.5%
822Aimee
26.2%
220Alexia
26.1%
453Alissa
25.6%
991Antony
25%
481Alyson
24.9%
561Anabelle
24.8%
331Angie
24.6%
610Ace
24.4%
250Allyson
24.2%
121Alejandro
24.1%
254Aden
23.4%
954Ashly
22.6%
288Anderson
22.3%
87Ayden
22.1%
460Annabella
21.8%
565Alvin
21.4%
81Autumn
21.2%
553Asa
20.3%
63Aaliyah
20.2%
794Antoine
20%
146Ashlyn
19.4%
767Alisha
19.1%
560America
18.7%
890Abbey
18.4%
387Alberto
18.4%
286Angelo
18.2%
774Alia
18.2%
668Amelie
18.1%
568Adelaide
18.1%
558Arielle
18%
217Aurora
17.5%
477Asia
17.3%
681Archer
17.2%
941Alisa
17.2%
431Athena
17%
999Amos
16.8%
172Andres
16.7%
248Alina
16.5%
476Alanna
16.4%
352Adeline
16.3%
325Anastasia
16.3%
158Aliyah
15.9%
380Arturo
15.3%
795Augustus
15.3%
251Alaina
14.9%
815Alma
14.8%
293Adan
14.6%
362Anya
14.3%
490Abram
14.2%
422Alfredo
14.2%
268Ashlynn
14%
622Aydan
13.9%
454Aileen
13.8%
447Arabella
13.7%
657Aliya
13.4%
273Alejandra
13.3%
777Anabella
12.9%
865Alden
12.8%
457Abbigail
12.7%
557Aldo
12.5%
286Aubree
12.3%
301Armando
12.3%
718Alena
12%
395Ayla
12%
280Amir
11.9%
608Atticus
11.6%
860Ariella
11.6%
473Alessandra
11%
724Aidyn
10.9%
413Ainsley
10.5%
648Alfonso
10.4%
222Addyson
10.4%
227Alondra
9.7%
645Aydin
9.6%
586Ahmed
9.2%
840Angeline
9.1%
745Angelique
9.1%
356Audrina
8.8%
919Averi
8.8%
437Aubrie
8.8%
742Aisha
8.5%
178Alivia
8.5%
652Alessandro
8.3%
Rank Name % Correct
613Alonzo
8.2%
271Aaden
7.9%
202Amaya
7.9%
521Aleah
7.9%
299Amari
7.7%
485Amari
7.7%
586Amara
7.7%
406Adelyn
7.5%
277Alayna
7.5%
415Annika
7.5%
532Anika
7.4%
373Adalyn
7.3%
760Aryan
7.3%
552Armani
7.2%
478Amira
7.1%
716Averie
7.1%
590Aspen
7%
975Abigale
6.9%
660Alonso
6.7%
645Annalise
6.6%
916Aliana
6.6%
657 Amare
6.5%
913Antwan
6.4%
782Adonis
6.2%
609Alisson
6%
434Addisyn
6%
576Aryanna
5.5%
481Ahmad
5.5%
986Alannah
5.5%
617Allisson
5.2%
696Adyson
5.1%
727Amina
5.1%
910Abagail
5%
304Aniya
4.7%
782Aliza
4.6%
839Abdullah
4.6%
833Aedan
4.6%
768Armani
4.5%
758Aryana
4.5%
180Aniyah
4.4%
701Alexzander
4.2%
667Adalynn
4.2%
583Aleena
4.1%
627Abril
4%
895 Alexus
4%
417Amiyah
4%
750Alani
3.8%
839Adelynn
3.6%
879Adolfo
3.5%
800Agustin
3.5%
763Aditya
3.5%
658Ansley
3.3%
791Ayana
3.3%
470Anaya
3.3%
620Amiya
3.3%
518Amya
3.1%
633Ayanna
3%
509Adriel
3%
955Azaria
3%
580Amani
2.9%
818Akira
2.9%
608Aiyana
2.7%
474Alijah
2.6%
794Azul
2.5%
924Avah
2.3%
330Analia
2.3%
510Aylin
2.2%
730Arjun
2.1%
907Alaya
2.1%
769Alvaro
2.1%
459Anahi
1.9%
972Ayleen
1.7%
862Alyvia
1.5%
987Azariah
1.5%
999Amiah
1.5%
641Arely
1.4%
755Araceli
1.3%
816Aarav
1.3%
824Amirah
1.3%
900Abdiel
1.3%
857Aracely
1.2%
871Arnav
1.1%
825Ayaan
1.1%
944Aiyanna
1.1%

You're not logged in!

Compare scores with friends on all Sporcle quizzes.
Sign Up with Email
OR
Log In

You Might Also Like...

Show Comments

Extras

Top Quizzes Today


Score Distribution

Your Account Isn't Verified!

In order to create a playlist on Sporcle, you need to verify the email address you used during registration. Go to your Sporcle Settings to finish the process.